000 02061nam0a2200397 4500
001 RU\NLR\BIBL_A\022634222
005 20260211172715.0
021 _aRU
_bАЛ-П-25-00589и
_9АЛ-П-25-0122
035 _a(NLR Aleph) 022634222
090 _a13551692
_c13551692
100 _a20251001d2025 u y0rusy50 ca
101 0 _arus
102 _aRU
105 _aa t 000ay
181 0 _ab3
_bbb2e
181 0 _ai2
_baxxe
182 0 _an
200 1 _aГжельский сервиз
_eкомикс с дополнениями и пояснениями
_eосновано на реальных событиях
_fавтор сценария - М. В. Сеславинский
_gхудожник - И. А. Дмитренко
203 _aИзображение
_aТекст
_bвизуальные
_cнепосредственные
210 _aМосква
_cНациональный союз библиофилов
_d2025
215 _a23 с.
_cцв. ил., факс.
_d24
300 _aОтд. оттиск из изд. "Про книги. Журн. библиофилов" (№ 1-2 (73-74), 2025 г.)
300 _aОсновано на воспоминаниях Л. И. Черткова, опубл. в Хронике заседаний Моск. клуба библиофилов (М., 2022, т. 4)
316 _aЭкз. № 19 с автогр. М. В. Сеславинского
_5NLR
412 0 _12001#$aПро книги$eжурнал
_1710#02^$a"Про книги", журнал библиофилов$cМосква$3RU\NLR\AUTH\880522475
686 0 _aЩ153(2Р=Рус)8-475
686 2 _aШ6(2=Р)8-499
702 1 _aСеславинский
_bМ. В.
_f1964-
_gМихаил Вадимович
_3RU\NLR\AUTH\7789622
_4690
702 1 _aДмитренко
_bИ. А.
_f1967-
_gИрина Алексеевна
_4040
702 1 _aЧертков
_bЛ. И.
_f1935-
_gЛеонард Исаакович
_4570
942 _cBOOK
980 _aNB